000 01036nam a22002537a 4500
999 _c13617
_d13617
003 AR-CdUCM
008 190415b ||||| |||| 00| 0 spa d
040 _aMUNICIPALIDAD PROVINCIAL DEL CUSCO
_cBIBLIOTECA MUNICIPAL DEL CUSCO
082 _a985.61 /
_bG99
245 _aEl Qosqo :
_bAntropología de la ciudad /
260 _aCusco :
_bCEAC,
_c1992
300 _a322 paginas ;
_c23 cm.
500 _aHomenaje al LI aniversario de la creación de las carreras profesionales de Arqueología y Antropología de la Universidad Nacional San Agustín Abad del Cuzco, 1941-1992.
505 _aContenido :El pasado local --Los que vinieron --Las comerciantes--Los curanderos --Devoción y fiestas /
650 _aFolclore
_93233
650 _aFestividades religiosas
_913420
650 _aCusco
_9772
700 _aCalderón, Carmen
_932093
700 _aFlores Nájar, Eldi
_932094
700 _aFlores Ochoa, Jorge A
_91877
710 _aCentro de Estudios Andinos (Cusco)
_932095
942 _2ddc
_cLIBROS
945 _arjall
_d2019-04-15